000 00662nam a2200289Ia 4500
005 20260324123633.0
008 008 260324s9999 xx 000 0 eng d
020 _a9781315824529
037 _aEBOOK
040 _aCRL
040 _beng
040 _cCRL
041 _2eng
041 _aeng
084 _qCRL
100 _aChris Wood
_9998851
245 0 _aNavigating Art Therapy
245 2 _bA Therapist’s Companion
260 _bTaylor and Francis
260 _c2011
365 _a
365 _b195
856 _uhttp://www.taylorfrancis.com/books/9781315824529
942 _cEBOOK
999 _c1764770
_d1764770